000 00560nam a2200181 4500
001 107538
003 ES-MaACL
005 20230906184436.0
007 t|
008 061121s1972 sp r ||||1| spa d
100 1 _aMorcillo Rubio, Jesús.
_983191
245 1 0 _aEspectroscopia
_b: estructura y espectros atómicos /
_cJesús Morcillo Rubio, J.M. Oraa Segade.
250 _a1.ª ed.
260 _aMadrid [etc.] :
_bAlhambra,
_c1972.
300 _aXII, 287 p. :
_bil ;
_c20.
700 1 _aOraa Segade, J. M.
_987140
852 _aES-MaACL
_jC-43808
_bR.82547
999 _c107538
_d107538